<?xml version="1.0" encoding="UTF-8"?>
<collection xmlns="http://www.loc.gov/MARC21/slim">
<record>
  <controlfield tag="001">119757</controlfield>
  <controlfield tag="005">20221115154456.0</controlfield>
  <datafield tag="024" ind1="7" ind2=" ">
    <subfield code="2">doi</subfield>
    <subfield code="a">10.30827/profesorado.v26i2.21293</subfield>
  </datafield>
  <datafield tag="024" ind1="8" ind2=" ">
    <subfield code="2">sideral</subfield>
    <subfield code="a">130533</subfield>
  </datafield>
  <datafield tag="037" ind1=" " ind2=" ">
    <subfield code="a">ART-2022-130533</subfield>
  </datafield>
  <datafield tag="041" ind1=" " ind2=" ">
    <subfield code="a">deu</subfield>
  </datafield>
  <datafield tag="100" ind1=" " ind2=" ">
    <subfield code="a">Torrelles Montanuy, Àngels</subfield>
  </datafield>
  <datafield tag="245" ind1=" " ind2=" ">
    <subfield code="a">Educación intercultural en España: Enfoques de los discursos y prácticas en Educación Primaria</subfield>
  </datafield>
  <datafield tag="260" ind1=" " ind2=" ">
    <subfield code="c">2022</subfield>
  </datafield>
  <datafield tag="520" ind1="3" ind2=" ">
    <subfield code="a">En España, el desarrollo conceptual de diversidad cultural ha quedado vinculado al fenómeno migratorio. La educación intercultural se presenta como una mirada educativa necesaria, con cierta trayectoria, que favorece propuestas inclusivas en la escuela. Sin embargo, la literatura científica pone de manifiesto el decalaje existente entre los enfoques discursivos presentes en los centros y el desarrollo de la práctica educativa interculturalizada que, en ocasiones, fomentan la segregación y la exclusión del alumnado de origen extranjero. El objetivo de este estudio es conocer los enfoques teóricos y el tipo de prácticas que predominan en los centros educativos de España. La investigación se apoya en un enfoque cuantitativo basado en la suministración de un cuestionario a la dirección de 1730 centros educativos. Los resultados indican que la educación intercultural no es una opción adoptada en la práctica de forma general por las escuelas participantes. Además, se profundiza en los enfoques y prácticas predominantes en los centros que manifestaron seguir una educación interculturalizada, permitiendo concluir que su conceptualización y desarrollo práctico continúan evolucionando. Sin embargo, sigue pendiente el reto de superar la folclorización de las acciones interculturales y que ésta sea una educación que se extienda a todo el alumnado.</subfield>
  </datafield>
  <datafield tag="506" ind1="0" ind2=" ">
    <subfield code="a">Access copy available to the general public</subfield>
    <subfield code="f">Unrestricted</subfield>
  </datafield>
  <datafield tag="540" ind1=" " ind2=" ">
    <subfield code="9">info:eu-repo/semantics/openAccess</subfield>
    <subfield code="a">by-nc-nd</subfield>
    <subfield code="u">http://creativecommons.org/licenses/by-nc-nd/3.0/es/</subfield>
  </datafield>
  <datafield tag="655" ind1=" " ind2="4">
    <subfield code="a">info:eu-repo/semantics/article</subfield>
    <subfield code="v">info:eu-repo/semantics/publishedVersion</subfield>
  </datafield>
  <datafield tag="700" ind1=" " ind2=" ">
    <subfield code="a">Cerviño Abeledo, Irimia</subfield>
  </datafield>
  <datafield tag="700" ind1=" " ind2=" ">
    <subfield code="a">Lasheras Lalana, Pilar</subfield>
    <subfield code="u">Universidad de Zaragoza</subfield>
    <subfield code="0">(orcid)0000-0002-5170-9074</subfield>
  </datafield>
  <datafield tag="710" ind1="2" ind2=" ">
    <subfield code="1">4001</subfield>
    <subfield code="2">215</subfield>
    <subfield code="a">Universidad de Zaragoza</subfield>
    <subfield code="b">Dpto. Ciencias de la Educación</subfield>
    <subfield code="c">Área Didáctica y Organiz. Esc.</subfield>
  </datafield>
  <datafield tag="773" ind1=" " ind2=" ">
    <subfield code="g">26, 2 (2022), 367-391</subfield>
    <subfield code="p">Profesorado (Granada)</subfield>
    <subfield code="t">Profesorado</subfield>
    <subfield code="x">1138-414X</subfield>
  </datafield>
  <datafield tag="856" ind1="4" ind2=" ">
    <subfield code="s">468349</subfield>
    <subfield code="u">http://zaguan.unizar.es/record/119757/files/texto_completo.pdf</subfield>
    <subfield code="y">Versión publicada</subfield>
  </datafield>
  <datafield tag="856" ind1="4" ind2=" ">
    <subfield code="s">1727885</subfield>
    <subfield code="u">http://zaguan.unizar.es/record/119757/files/texto_completo.jpg?subformat=icon</subfield>
    <subfield code="x">icon</subfield>
    <subfield code="y">Versión publicada</subfield>
  </datafield>
  <datafield tag="909" ind1="C" ind2="O">
    <subfield code="o">oai:zaguan.unizar.es:119757</subfield>
    <subfield code="p">articulos</subfield>
    <subfield code="p">driver</subfield>
  </datafield>
  <datafield tag="951" ind1=" " ind2=" ">
    <subfield code="a">2022-11-15-12:20:44</subfield>
  </datafield>
  <datafield tag="980" ind1=" " ind2=" ">
    <subfield code="a">ARTICLE</subfield>
  </datafield>
</record>
</collection>